Mechanical behavior of engineering materials (Record no. 22120)

000 -LEADER
fixed length control field 00506nam a22001931 4500
001 - CONTROL NUMBER
control field 22120
003 - CONTROL NUMBER IDENTIFIER
control field BD-DhUET
008 - FIXED-LENGTH DATA ELEMENTS--GENERAL INFORMATION
fixed length control field 800331s1962 paua b s000 0 eng
040 ## - CATALOGING SOURCE
Original cataloging agency DLC
Transcribing agency TxCM
Modifying agency BD-DhUET
082 ## - DEWEY DECIMAL CLASSIFICATION NUMBER
Classification number 620.1
Item number MAR/1963
100 ## - MAIN ENTRY--PERSONAL NAME
Personal name Marin, Joseph
245 10 - TITLE STATEMENT
Title Mechanical behavior of engineering materials
250 ## - EDITION STATEMENT
Edition statement 1st ed.
260 ## - PUBLICATION, DISTRIBUTION, ETC. (IMPRINT)
Place of publication, distribution, etc. New Jersey
Name of publisher, distributor, etc. Prentice-Hall
Date of publication, distribution, etc. 1963
300 ## - PHYSICAL DESCRIPTION
Extent x, 502 p.
Other physical details ill.
504 ## - BIBLIOGRAPHY, ETC. NOTE
Bibliography, etc Includes bibliographies
650 #0 - SUBJECT ADDED ENTRY--TOPICAL TERM
Topical term or geographic name as entry element Applied mechanics
942 ## - ADDED ENTRY ELEMENTS (KOHA)
Koha item type General Book
Holdings
Koha out on loan Withdrawn status Koha date last seen Location (home branch) Koha issues (times borrowed) Price effective from Date acquired Koha item type Lost status Koha normalized classification for sorting Source of classification or shelving scheme Koha date last borrowed Sublocation or collection (holding branch) Koha full call number Not for loan Shelving location Piece designation (barcode) Copy number Damaged status
  2015-04-23Central Library, BUET 2015-04-232015-04-23General Book 620_100000000000000_MAR_1963  Central Library, BUET620.1/MAR/1963 Circulation section210071 
2023-07-03 2022-07-03Central Library, BUET12015-04-232015-04-23General Book 620_100000000000000_MAR_1963 2022-07-03Central Library, BUET620.1/MAR/1963 Circulation section15712 
  2015-04-25Central Library, BUET 2015-04-252015-04-25General Book 620_100000000000000_MAR_1963  Central Library, BUET620.1/MAR/1963 Circulation section15703 
  2015-04-30Central Library, BUET 2015-04-302015-04-30General Book 620_100000000000000_MAR_1963  Central Library, BUET620.1/MAR/1963 Circulation section257324 
  2015-08-23Central Library, BUET 2015-08-232015-08-23General Book 620_100000000000000_MAR_1963  Central Library, BUET620.1/MAR/1963 Circulation section176595